[Event "FSGM May"]
[Site "Budapest HUN"]
[Date "2006.05.09"]
[Round "4"]
[White "Brinck Claussen,B"]
[Black "Gonda,L"]
[Result "1/2-1/2"]
[WhiteElo "2359"]
[BlackElo "2465"]

1.e4 c5 2.Nf3 d6 3.d4 cxd4 4.Nxd4 Nf6 5.Nc3 Nc6 6.Bg5 e6 7.Qd2 a6 8.O-O-O Bd7
9.f4 b5 10.Bxf6 gxf6 11.Nxc6 Bxc6 12.Qe1 Be7 13.Bd3 Qb6 14.Kb1 h5 15.f5 Kd7
16.Rd2 Rag8 17.Rf1 Qc5 18.h3 Qe5 19.Qe3 Kc7 20.fxe6 fxe6 21.Qa7+ Bb7 22.Rf5 Ra8
23.Qxa8 Bxa8 24.Rxe5 dxe5 25.a4 b4 26.Nd1 Bc5 27.Re2 Bb7 28.Ne3 Rg8 29.Nc4 Rg3
30.Nd2 Kd6 31.Ka2 Bd4 32.Kb3 a5 33.Nc4+ Kc5 34.Nxa5 Ba6 35.Rd2 Kb6 36.Nc4+ Kc5
37.Na5 Kb6 38.Nc4+ Kc5 39.Na5 Kb6 40.Nc4+  1/2-1/2

[Event "President's Cup"]
[Site "Baku AZE"]
[Date "2006.05.11"]
[Round "8"]
[White "Korneev,O"]
[Black "Gasanov,E"]
[Result "0-1"]
[WhiteElo "2671"]
[BlackElo "2432"]

1.e4 c5 2.Nf3 Nc6 3.d4 cxd4 4.Nxd4 Nf6 5.Nc3 d6 6.Bg5 e6 7.Qd2 a6 8.O-O-O h6
9.Be3 Qc7 10.f3 Ne5 11.Kb1 Be7 12.g4 b5 13.Bd3 b4 14.Nce2 d5 15.exd5 Nxd5
16.Nf4 Nxe3 17.Qxe3 Nxd3 18.Rxd3 O-O 19.h4 Bb7 20.g5 e5 21.Nf5 Bc5 22.Qd2 exf4
23.gxh6 g6 24.h5 Qe5 25.Nd6 Bxd6 26.Rxd6 Bxf3 27.Rg1 Qe3 28.Qh2 Rad8 29.hxg6 Rxd6
30.g7 Qxg1+ 31.Qxg1 Rd1+ 32.Qxd1 Bxd1 33.h7+ Kxg7  0-1

[Event "FSGM May"]
[Site "Budapest HUN"]
[Date "2006.05.11"]
[Round "6"]
[White "Seres,L"]
[Black "Wittmann,W"]
[Result "1-0"]
[WhiteElo "2400"]
[BlackElo "2372"]

1.e4 c5 2.Nf3 d6 3.d4 cxd4 4.Nxd4 Nf6 5.Nc3 Nc6 6.Bg5 e6 7.Qd2 Be7 8.O-O-O Nxd4
9.Qxd4 O-O 10.f4 h6 11.Bh4 Qa5 12.Bc4 e5 13.fxe5 dxe5 14.Qd3 Qc5 15.Bxf6 Bxf6
16.h4 Be6 17.Nd5 Bd8 18.Bb3 a5 19.a3 b5 20.Kb1 Rc8 21.Rd2 Kh8 22.Qe2 Rb8
23.g4 Qc8 24.g5 Bg4 25.Qh2 h5 26.Qxe5 a4 27.Ba2 Ba5 28.Rf2 Qc5 29.Rxf7 Rxf7
30.Qxb8+ Rf8 31.Qe5 Qf2 32.b4 axb3 33.Bxb3 Qf3 34.Rh2 Rc8 35.Ka2 Qd1 36.Rf2 Be1
37.Rf7 Rxc2+ 38.Bxc2 Qxc2+ 39.Qb2 Qc4+ 40.Ka1  1-0

[Event "FSGM May"]
[Site "Budapest HUN"]
[Date "2006.05.13"]
[Round "8"]
[White "Seres,L"]
[Black "Gonda,L"]
[Result "1/2-1/2"]
[WhiteElo "2400"]
[BlackElo "2465"]

1.e4 c5 2.Nf3 d6 3.d4 cxd4 4.Nxd4 Nf6 5.Nc3 Nc6 6.Bg5 e6 7.Qd2 a6 8.O-O-O Bd7
9.f4 b5 10.Bxf6 gxf6 11.Nxc6 Bxc6 12.Qe1 Be7 13.Bd3 Qb6 14.Kb1 Kd7 15.Qg3 h5
16.Qh3 Qc5 17.Rhe1 Rag8 18.g3 Bd8 19.e5 Ba5 20.Ne4 Bxe4 21.Rxe4 d5 22.Re2 Rg4
23.exf6 Bd8 24.Be4 Bxf6 25.c3 b4 26.cxb4 Qxb4 27.Bf3 Rb8 28.Bxg4 hxg4 29.Qh7 Ke7
30.Rdd2 Qc5 31.Qd3 Bxb2 32.Rxb2 Qg1+ 33.Kc2 Rc8+ 34.Kb3 Qb6+ 35.Ka4 Qc6+
36.Ka5 Qc5+ 37.Ka4 Qc6+ 38.Ka5 Qc5+ 39.Ka4 Qc6+  1/2-1/2

[Event "ch-UKR sf"]
[Site "Alushta UKR"]
[Date "2006.05.14"]
[Round "2"]
[White "Zhornik,N"]
[Black "Kononenko,Dmitry1"]
[Result "0-1"]
[WhiteElo "2313"]
[BlackElo "2472"]

1.e4 c5 2.Nf3 Nc6 3.d4 cxd4 4.Nxd4 Nf6 5.Nc3 d6 6.Bg5 e6 7.Qd2 a6 8.O-O-O h6
9.Nxc6 bxc6 10.Bf4 d5 11.Qe3 Bb4 12.a3 Be7 13.Be2 O-O 14.Qg3 Kh8 15.Bc7 Qd7
16.Be5 Re8 17.h4 Bf8 18.Qf4 Qe7 19.exd5 exd5 20.Bxf6 gxf6 21.Bd3 Qe5 22.Qd2 Be6
23.Rde1 Qd6 24.Ne2 Rab8 25.Qf4 c5 26.Qxd6 Bxd6 27.c3 c4 28.Bb1 Rb6 29.Nd4 Reb8
30.b4 cxb3 31.Kb2 a5 32.a4 Bd7 33.Bf5 Bxa4 34.Ra1 Bb5 35.Rxa5 Bc4 36.Bg4 Be5
37.Nf5 Kh7 38.Bf3 Rb5 39.Rha1 Rxa5 40.Rxa5 Bxc3+  0-1

[Event "ch-St Petersburg w"]
[Site "St Petersburg RUS"]
[Date "2006.05.17"]
[Round "5"]
[White "Solovjova,V"]
[Black "Sudakova,I"]
[Result "1/2-1/2"]
[WhiteElo "2265"]
[BlackElo "2391"]

1.e4 c5 2.Nf3 Nc6 3.d4 cxd4 4.Nxd4 Nf6 5.Nc3 d6 6.Bg5 e6 7.Qd2 a6 8.O-O-O Bd7
9.f4 b5 10.e5 dxe5 11.fxe5 Nxe5 12.Qe1 Qc7 13.Kb1 b4 14.Ne4 Nd5 15.Nf3 Bc6
16.Nd4 Be7 17.Bxe7 Nxe7 18.Nxc6 N7xc6 19.Nd6+ Kf8 20.Qe3 Qa7 21.Qxa7 Rxa7
22.Nc8 Ra8 23.Nb6 Ra7 24.Nc8 Ra8 25.Nb6 Ra7  1/2-1/2

[Event "1st Magistral Espirito Sancto"]
[Site "Vitoria BRA"]
[Date "2006.05.17"]
[Round "3"]
[White "Hungaski,R"]
[Black "Souza Neves,A"]
[Result "1-0"]
[WhiteElo "2400"]
[BlackElo "2207"]

1.e4 c5 2.Nf3 Nc6 3.d4 cxd4 4.Nxd4 Nf6 5.Nc3 d6 6.Bg5 e6 7.Qd2 a6 8.O-O-O Bd7
9.f4 b5 10.Bxf6 gxf6 11.f5 Qb6 12.Nf3 b4 13.Ne2 e5 14.Kb1 Na5 15.Nc1 Bc6
16.Qe1 Be7 17.Nd3 Rb8 18.b3 Qb7 19.Nd2 O-O 20.Nb2 d5 21.exd5 Bxd5 22.Ndc4 Nxc4
23.Bxc4 Rfd8 24.Qe2 Bxc4 25.Nxc4 Kh8 26.g4 Bc5 27.g5 Bd4 28.gxf6 e4 29.Qh5 Bxf6
30.Rde1 Qe7 31.Re3 Rd4 32.Rh3 Kg8 33.Qh6 Bg7 34.Rg3 f6 35.Rhg1 Rb7 36.Rxg7+ Qxg7
37.Rxg7+ Rxg7 38.Qxf6 Rd1+ 39.Kb2 Rgg1 40.Qe6+ Kf8 41.Qc8+ Kg7 42.Qb7+ Kf6
43.Qxb4 Rb1+ 44.Ka3  1-0

[Event "1st Magistral Espirito Sancto"]
[Site "Vitoria BRA"]
[Date "2006.05.17"]
[Round "4"]
[White "Di Berardino,D"]
[Black "Souza Neves,A"]
[Result "1-0"]
[WhiteElo "2342"]
[BlackElo "2207"]

1.e4 c5 2.Nf3 Nc6 3.d4 cxd4 4.Nxd4 Nf6 5.Nc3 d6 6.Bg5 e6 7.Qd2 a6 8.O-O-O Bd7
9.f4 b5 10.Bxf6 gxf6 11.f5 Qb6 12.Nxc6 Bxc6 13.Bd3 b4 14.Ne2 e5 15.Kb1 Qc5
16.Ng3 h5 17.h4 a5 18.Qe2 a4 19.Bc4 Be7 20.Rh3 Rc8 21.b3 axb3 22.cxb3 d5
23.exd5 Bd7 24.Qf3 Ra8 25.Rhh1 Qa7 26.Rd2 Bc5 27.Rf1 Bd4 28.Nxh5 Rh6 29.g4 Bc3
30.Rc2 Kd8 31.Rd1 Rc8 32.Rf1 Rxc4 33.bxc4 Qa3 34.Qe3 Bd4 35.Qxa3 bxa3 36.c5 Bb5
37.Rd1 Ba4 38.Rd3 Bxc2+ 39.Kxc2 Bxc5 40.Rc3 Bd6 41.Rc6 Kd7 42.Kd3 Ke7 43.Ra6 Bc5
44.Ke4 Rh8 45.d6+  1-0

[Event "1st Magistral Espirito Sancto"]
[Site "Vitoria BRA"]
[Date "2006.05.20"]
[Round "8"]
[White "Diamant,A"]
[Black "Souza Neves,A"]
[Result "1-0"]
[WhiteElo "2244"]
[BlackElo "2207"]

1.e4 c5 2.Nf3 Nc6 3.d4 cxd4 4.Nxd4 Nf6 5.Nc3 d6 6.Bg5 e6 7.Qd2 a6 8.O-O-O Bd7
9.f4 b5 10.Bxf6 gxf6 11.Nxc6 Bxc6 12.Bd3 b4 13.Ne2 Qb6 14.Kb1 Qc5 15.Qe1 a5
16.Qh4 Be7 17.f5 e5 18.Rhe1 a4 19.b3 Ra7 20.Bc4 axb3 21.cxb3 Qb6 22.Ng3 Bb5
23.Bxb5+ Qxb5 24.Nf1 Qa6 25.Rd2 Kd7 26.Ne3 Rc8 27.Nd5 Rc3 28.Nxc3 bxc3 29.Rc2 d5
30.exd5 Bc5 31.Qxh7 Ke7 32.Qh4 Qd3 33.Qe4 Qxe4 34.Rxe4 Bd4 35.Rce2 Kd6 36.a4 Kxd5
37.Kc2 Rb7 38.h4 Kc5 39.h5 Rb8 40.h6 Rh8 41.Rh4 Rh7 42.Ree4 Kd5 43.Kd3 Kc5
44.Reg4 Kb4 45.Kc2  1-0

[Event "3rd All-China Games"]
[Site "Suzhou CHN"]
[Date "2006.05.22"]
[Round "5"]
[White "Wang Pin"]
[Black "Cheng Xinkai"]
[Result "1-0"]
[WhiteElo "2393"]
[BlackElo "2352"]

1.e4 c5 2.Nf3 d6 3.d4 cxd4 4.Nxd4 Nf6 5.Nc3 Nc6 6.Bg5 Qb6 7.Nb3 e6 8.Be2 Be7
9.Be3 Qc7 10.O-O a6 11.a4 b6 12.f4 Bb7 13.Bf3 O-O 14.Qe1 Nd7 15.Rd1 Nc5 16.Kh1 Rad8
17.Qg3 Kh8 18.Qf2 Nd7 19.Rd2 Bf6 20.Rfd1 Bxc3 21.bxc3 Nc5 22.e5 dxe5 23.Nxc5 bxc5
24.Bxc5 Rxd2 25.Rxd2 Rd8 26.fxe5 h6 27.Bd6 Qa5 28.Rd1 Qxa4 29.Qb6 Rd7 30.Rf1 Qc4
31.Rb1 Nd8 32.Bxb7 Nxb7 33.h3 Kh7 34.Qa7 Qc8 35.Qd4 f6 36.c4 fxe5 37.Qe4+ Kh8
38.Bxe5 Nd6 39.Qg6 Nb7 40.Qxh6+ Kg8 41.Qxe6+ Kh8 42.Rf1 Nc5 43.Qg4 Qe8 44.Rf5 Qe6
45.Rf8+ Kh7 46.Qh5+  1-0

[Event "9th L.Kaplun Mem"]
[Site "Ternopil UKR"]
[Date "2006.05.28"]
[Round "8"]
[White "Nazarevich,V"]
[Black "Kalinina,L"]
[Result "1/2-1/2"]
[WhiteElo "2329"]
[BlackElo "2124"]

1.e4 c5 2.Nf3 d6 3.d4 cxd4 4.Nxd4 Nf6 5.Nc3 Nc6 6.Bg5 Bd7 7.Qd2 Rc8 8.Nb3 a6
9.f4 b5 10.a3 e6 11.O-O-O Na5 12.Nxa5 Qxa5 13.e5 b4 14.axb4 Qa1+ 15.Nb1 Ne4
16.Qe3 d5 17.Bd3 Nxg5 18.fxg5 Bxb4 19.Rhf1 Bc5 20.Qf3 Rf8 21.Bxh7 Ba4 22.Rd2 g6
23.Bg8 Rc7 24.Qc3 Rxg8 25.Qa5 Rc8 26.Rf3 Rb8 27.c3 Be7 28.h4 Qa2 29.Rf4 Bb3
30.Qc7 Rd8 31.Rdf2 Rf8 32.Qc6+ Rd7 33.Qc8+ Rd8 34.Qc6+ Rd7  1/2-1/2

[Event "28th Nezhmetdinov mem"]
[Site "Kazan RUS"]
[Date "2006.06.01"]
[Round "1"]
[White "Khismatullin,D"]
[Black "Lyanguzov,O"]
[Result "1-0"]
[WhiteElo "2584"]
[BlackElo "2333"]

1.e4 c5 2.Nf3 d6 3.d4 cxd4 4.Nxd4 Nf6 5.Nc3 Nc6 6.Bg5 e6 7.Qd2 Be7 8.O-O-O Nxd4
9.Qxd4 a6 10.f3 b5 11.h4 Bb7 12.g4 Qa5 13.a3 O-O 14.Be3 Nd7 15.h5 d5 16.h6 Bf6
17.Qb4 Qxb4 18.axb4 g6 19.Be2 Bxc3 20.bxc3 Rac8 21.exd5 Bxd5 22.Bd4 Rc6 23.Rhf1 Nb6
24.f4 Na4 25.Rd3 Bc4 26.Kd2 Rfc8 27.Rc1 Nb6 28.Bf3 Bxd3 29.Bxc6 Nc4+ 30.Ke1 Bxc2
31.Bf3 Bb3 32.Ra1 Ba4 33.Bb7 Re8 34.Kf2 a5 35.Bf6 axb4 36.cxb4 Rb8 37.Bg2 Kf8
38.Rh1 Rc8 39.Rh3 Bd1 40.Rg3 Bc2 41.Rc3 Nd6 42.Rxc8+ Nxc8 43.Ke3 Bd1 44.g5 Nb6
45.Kd4 Nd5 46.Be5 Be2 47.Bd6+ Ke8 48.Ke5 Kd7 49.Bc5 Ke8 50.Bxd5 exd5 51.Kf6 d4
52.Kg7 d3 53.Be3 Bh5 54.Kxh7 Kf8 55.Bc5+ Ke8 56.Be3 Kf8 57.Bc5+ Ke8 58.Kg7 d2
59.h7 d1=Q 60.h8=Q+ Kd7 61.Qa8 Qf3 62.Qa7+ Kc6 63.Qa6+ Kd5 64.Qxb5 Ke4 65.Bd6 Qb3
66.Qe5+ Kf3 67.Qd4 Bg4 68.Qc5 Bd7 69.Qc1 Qd3 70.Be5 Be6 71.Qh1+ Kf2 72.Qa1 Kf3
73.Qa8+ Bd5 74.Qd8 Ke4 75.Qc8 Qc4 76.Qg4 Be6 77.Qg2+ Kf5 78.Qb2 Qb3 79.Qd2 Qc4
80.Qd6 Qb5 81.Kh6 Ke4 82.Kg7 Kf5 83.Kf8 Bc4 84.Ke7  1-0

[Event "21st Schachtage"]
[Site "Hassloch GER"]
[Date "2006.06.03"]
[Round "3"]
[White "Steinkohl,T"]
[Black "Boidman,Y"]
[Result "1/2-1/2"]
[WhiteElo "2243"]
[BlackElo "2439"]

1.e4 c5 2.Nf3 Nc6 3.d4 cxd4 4.Nxd4 Nf6 5.Nc3 d6 6.Bg5 e6 7.f4 Be7 8.Qd2 h6
9.Bxf6 gxf6 10.O-O-O a6 11.Be2 Nxd4 12.Qxd4 Qa5 13.Qa4+ Qxa4 14.Nxa4 Bd8
15.f5 b5 16.Nc3 b4 17.Nb1 Ke7 18.Bf3 e5 19.Nd2 Bb6 20.Nc4 Bc5 21.g4 a5 22.Rhe1 Bb7
23.Ne3 Bd4 24.Rd3 Rhc8 25.Red1 a4 26.Rxd4 exd4 27.Rxd4 b3 28.axb3 axb3 29.Rb4 Bc6
30.Rxb3 Kd7 31.Kd2 Rcb8 32.Rd3 Rxb2 33.Nc4 Rb4 34.Kc3 Raa4 35.Rxd6+ Kc7 36.Rd4 Rxc4+
37.Rxc4 Ra3+ 38.Kd2 Rxf3 39.h4 Rf4 40.g5 fxg5 41.hxg5 hxg5 42.Ke3 Kd6 43.e5+ Kxe5
44.Rxc6 Kxf5 45.c4 Rf1 46.Rd6 g4 47.Rd5+ Kg6 48.Ke2 Rc1 49.c5 f5 50.Kd2 Ra1
51.c6 Ra7 52.Rc5 Rc7 53.Ke3 Kg5 54.Rc4 f4+ 55.Rxf4 Rxc6 56.Rf8 Kh4 57.Kf2 Rc2+
58.Kg1 Kh3 59.Rf1 Kg3 60.Ra1 Rg2+  1/2-1/2

[Event "28th Nezhmetdinov mem"]
[Site "Kazan RUS"]
[Date "2006.06.03"]
[Round "3"]
[White "Vasenev,S1"]
[Black "Akhmadeev,Vad"]
[Result "1/2-1/2"]
[WhiteElo "2327"]
[BlackElo "2439"]

1.e4 c5 2.Nf3 d6 3.d4 cxd4 4.Nxd4 Nf6 5.Nc3 Nc6 6.Bg5 e6 7.Qd3 a6 8.O-O-O Bd7
9.f4 h6 10.Bh4 g5 11.fxg5 Ng4 12.Nf3 Be7 13.Qd2 Nge5 14.Be2 Nxf3 15.gxf3 hxg5
16.Bg3 Ne5 17.f4 gxf4 18.Bxf4 Qc7 19.h4 O-O-O 20.h5 Rh7 21.Bg5 Bc6 22.Bxe7 Qxe7
23.Rhg1 Qf6 24.Qd4 Qe7 25.Rd2 Be8 26.Rg3 Qc7 27.Rg8 Qc5 28.Qxc5+ dxc5 29.Na4 Nd7
30.e5 f5 31.exf6 b5 32.Bg4 Nxf6 33.Bxe6+ Kc7 34.Rf8 Rxd2 35.Kxd2 Rh6 36.Bf5 Kd6
37.Bg6 Ke7 38.Rxf6 Kxf6 39.Bxe8 bxa4 40.Kc3 Ke5 41.Kc4 Kd6 42.a3 Rh8 43.Bg6 Rf8
44.h6 Rf4+ 45.Kc3 Rh4 46.h7 a5 47.b3 axb3 48.Kxb3 a4+ 49.Kc3 Ke7 50.Bd3 Kf6
51.Bb5 Rxh7 52.Bxa4 Ra7 53.Kb3 Ke5 54.Bb5 Kd6 55.a4 Kc7 56.c3 Kb6 57.Kc4 Re7
58.Kd5 Re3 59.Kc4 Rh3 60.Bd7 Rh7  1/2-1/2

[Event "FSGM June"]
[Site "Budapest HUN"]
[Date "2006.06.04"]
[Round "1"]
[White "Seres,L"]
[Black "Paschall,W"]
[Result "1/2-1/2"]
[WhiteElo "2400"]
[BlackElo "2352"]

1.e4 c5 2.Nf3 Nc6 3.d4 cxd4 4.Nxd4 Nf6 5.Nc3 d6 6.Bg5 e6 7.Qd2 Qb6 8.O-O-O Qxd4
9.Qxd4 Nxd4 10.Rxd4 a6 11.Bc4 Bd7 12.Re1 Be7 13.f4 h6 14.Bxf6 gxf6 15.Bb3 Rc8
16.Ne2 Rc5 17.Rd3 Rg8 18.Rg3 Rxg3 19.Nxg3 b5 20.Re3 a5 21.a3 Bd8 22.Kd2 Bb6
23.Rf3 Ke7 24.c3 Rc8 25.f5 b4 26.cxb4 axb4 27.axb4 Bd4 28.fxe6 fxe6 29.Ne2 Bxb2
30.Rh3 Rb8 31.Rxh6 Rxb4 32.Rh7+ Kd8 33.Bc2 Be5 34.h4 Bc6 35.h5 Bxe4 36.Bxe4 Rxe4
37.g3 Ke8 38.h6 Kf8 39.Ra7 Kg8 40.Re7 f5 41.Kd3 Bf6 42.Rb7 Be5 43.Re7 Rg4
44.h7+ Kh8 45.Rxe6 Kxh7 46.Ke3 Kg7 47.Re8 Kf7 48.Ra8 Rb4 49.Nf4 Rb3+ 50.Kf2 Bxf4
51.gxf4 Ke6 52.Rf8 Kd5 53.Rxf5+ Ke4 54.Rf6 d5 55.Re6+ Kxf4 56.Ke2 d4 57.Kd2 Re3  1/2-1/2

[Event "21st Schachtage"]
[Site "Hassloch GER"]
[Date "2006.06.04"]
[Round "5"]
[White "Mutschnik,I"]
[Black "Boidman,Y"]
[Result "1/2-1/2"]
[WhiteElo "2426"]
[BlackElo "2439"]

1.e4 c5 2.Nf3 Nc6 3.d4 cxd4 4.Nxd4 Nf6 5.Nc3 d6 6.Bg5 e6 7.Qd2 a6 8.O-O-O Bd7
9.f4 b5 10.Bxf6 gxf6 11.f5 Nxd4 12.Qxd4 Bh6+ 13.Kb1 Bf4 14.Qd3 Be5 15.Ne2 Qb6
16.Ng1 Qc5 17.Nf3 Ke7 18.Nxe5  1/2-1/2

[Event "ch-StP"]
[Site "St Petersburg RUS"]
[Date "2006.06.06"]
[Round "4"]
[White "Yemelin,V"]
[Black "Ivanov,Al3"]
[Result "1-0"]
[WhiteElo "2520"]
[BlackElo "2375"]

1.e4 c5 2.Nf3 d6 3.d4 cxd4 4.Nxd4 Nf6 5.Nc3 Nc6 6.Bg5 e6 7.Qd2 a6 8.O-O-O Be7
9.f4 Nxd4 10.Qxd4 b5 11.Be2 Bb7 12.Bf3 Rc8 13.Bxf6 gxf6 14.f5 Qa5 15.Kb1 b4
16.Ne2 e5 17.Qd2 Qc5 18.c3 Qc4 19.Qe3 a5 20.cxb4 axb4 21.Rc1 Qb5 22.Rxc8+ Bxc8
23.Ng3 Bb7 24.Rd1 Qc5 25.Qb3 O-O 26.Rc1 Qb6 27.a3 Ba6 28.Qxb4 Qf2 29.Qe1 Qd4
30.Qc3 Qf2 31.Qc2 Qe3 32.Qc3 Qf2 33.Qb3 Qa7 34.Rc6 Bb7 35.Rb6 Ba6 36.Rc6 Bb7
37.Rb6 Ba6 38.Be2 Bxe2 39.Nxe2  1-0

[Event "28th Nezhmetdinov mem"]
[Site "Kazan RUS"]
[Date "2006.06.07"]
[Round "7"]
[White "Vafin,Ni"]
[Black "Baharev,V"]
[Result "1/2-1/2"]
[WhiteElo "2242"]
[BlackElo "2265"]

1.e4 c5 2.Nf3 d6 3.d4 cxd4 4.Nxd4 Nf6 5.Nc3 Nc6 6.Bg5 e6 7.Qd2 a6 8.O-O-O h6
9.Nxc6 bxc6 10.Bh4 Qa5 11.Bc4 Be7 12.Rhe1 O-O 13.f4 d5 14.exd5 cxd5 15.Bb3 Rd8
16.Re3 Bb7 17.Qe1 Qc7 18.Ne2 a5 19.c3 a4 20.Bc2 a3 21.b3 Rac8 22.Kb1 d4 23.Nxd4 Nd5
24.Bxe7 Qxe7 25.Rg3 Qf6 26.Nb5 Ba6 27.Rxd5 Rxd5 28.Nxa3 Qxf4 29.Kb2 Rcd8
30.Nb1 Re5 31.Qg1 Re2 32.Qb6 Rd1 33.Re3 Bd3 34.Qd8+ Kh7 35.Qxd3+ Rxd3 36.Rxd3 f5
37.c4 Rxg2 38.c5 Rg1 39.Rc3 Qc1+ 40.Ka1 Qd2 41.Rc4 Qe3 42.Kb2 Rg2 43.c6 Qe5+
44.Nc3 Qc7 45.Nb5 Qe5+ 46.Nd4 Rg4 47.Kc3 Qe1+ 48.Kb2 Qe5  1/2-1/2

[Event "Summer-1"]
[Site "Alushta UKR"]
[Date "2006.06.08"]
[Round "10"]
[White "Rozhkov,V"]
[Black "Zinchenko,Ya"]
[Result "0-1"]
[WhiteElo "2191"]
[BlackElo "2499"]

1.e4 c5 2.Nf3 Nc6 3.d4 cxd4 4.Nxd4 Nf6 5.Nc3 d6 6.Bg5 Qb6 7.Nb3 e6 8.Qd2 a6
9.O-O-O Be7 10.g4 O-O 11.Rg1 Qc7 12.f4 b5 13.Bxf6 Bxf6 14.Qxd6 Qb6 15.Rg3 Be7
16.Qd2 Na5 17.Bd3 Nc4 18.Qe2 Bb7 19.g5 Rfc8 20.e5 g6 21.Ne4 Bxe4 22.Bxe4 Ra7
23.h4 a5 24.h5 a4 25.hxg6 fxg6 26.Nd4 Rd7 27.Rgd3 a3 28.Nc6 axb2+ 29.Kb1 Rdc7
30.Nxe7+ Rxe7 31.Rb3 Qa5  0-1

[Event "ch-StP"]
[Site "St Petersburg RUS"]
[Date "2006.06.08"]
[Round "6"]
[White "Ionov,S"]
[Black "Ivanov,Al3"]
[Result "1/2-1/2"]
[WhiteElo "2519"]
[BlackElo "2375"]

1.e4 c5 2.Nf3 d6 3.d4 cxd4 4.Nxd4 Nf6 5.Nc3 Nc6 6.Bg5 e6 7.Qd2 a6 8.O-O-O Be7
9.f4 Nxd4 10.Qxd4 b5 11.Be2 Bb7 12.Bf3 Rc8 13.Bxf6 gxf6 14.f5 Qc7 15.fxe6 fxe6
16.Kb1 Qc5 17.Qd3 Qe5 18.Ne2 Rc4 19.Nd4 Bc8 20.Bg4 Bd7 21.Rhe1 h5 22.Bh3 Rc7
23.Nf3 Qc5 24.e5 fxe5 25.Nxe5 dxe5 26.Qg6+ Kd8 27.Qxe6 Qxc2+ 28.Ka1 Qc1+
29.Rxc1 Rxc1+ 30.Rxc1 Bxe6 31.Bxe6 Bf6 32.Bf5 Rh6 33.Rc8+ Ke7 34.Rc7+ Kd8
35.Rd7+ Ke8 36.Rd6 Bg5 37.Rxh6 Bxh6 38.Bg6+ Ke7 39.Bxh5 a5 40.Kb1 Bf4 41.g3 Be3
42.Be2 b4 43.Kc2 Bg1 44.h3 Bf2 45.g4 Kf6 46.Kd3 Kg5 47.Ke4 a4 48.Kxe5 a3
49.bxa3  1/2-1/2

[Event "28th Nezhmetdinov mem"]
[Site "Kazan RUS"]
[Date "2006.06.09"]
[Round "9"]
[White "Bezgodov,A"]
[Black "Andreev,Ed"]
[Result "1/2-1/2"]
[WhiteElo "2554"]
[BlackElo "2470"]

1.e4 c5 2.Nf3 d6 3.d4 cxd4 4.Nxd4 Nf6 5.Nc3 Nc6 6.Bg5 e6 7.Qd2 a6 8.O-O-O Bd7
9.f4 h6 10.Bh4 g5 11.fxg5 Ng4 12.Bc4 Nge5 13.Bb3 Be7 14.Kb1 hxg5 15.Bg3 Qc7
16.Rhf1 O-O-O 17.Nxc6 Bxc6 18.Qe3 Kb8 19.a3 Be8 20.h3 g4 21.Bf2 b5 22.Na2 gxh3
23.gxh3 Rc8 24.Be1 Qa7 25.Qg3 Rh5 26.Bc3 Qb7  1/2-1/2

[Event "TCh-NOR"]
[Site "Oslo NOR"]
[Date "2006.06.09"]
[Round "3"]
[White "Lie,K"]
[Black "Groenn,A"]
[Result "1-0"]
[WhiteElo "2493"]
[BlackElo "2409"]

1.e4 c5 2.Nf3 Nc6 3.d4 cxd4 4.Nxd4 Nf6 5.Nc3 d6 6.Bg5 e6 7.Qd2 a6 8.O-O-O h6
9.Nxc6 bxc6 10.Bf4 d5 11.Qe3 Qa5 12.Be2 Bb4 13.Be5 Nd7 14.Bxg7 Rh7 15.Qg3 Bb7
16.exd5 cxd5 17.Bd4 O-O-O 18.Bd3 f5 19.Rhe1 Bxc3 20.Bxc3 Qxa2 21.Qd6 Nf8
22.Qb4 d4 23.Bxd4 a5 24.Qc4+ Qxc4 25.Bxc4 Bxg2 26.Bc5 Rxd1+ 27.Rxd1 Rf7 28.Rg1  1-0

[Event "Open A"]
[Site "Voronezh RUS"]
[Date "2006.06.13"]
[Round "2"]
[White "Gabrielian,A"]
[Black "Guseva,O"]
[Result "1/2-1/2"]
[WhiteElo "2520"]
[BlackElo "2247"]

1.e4 c5 2.Nf3 Nc6 3.d4 cxd4 4.Nxd4 Nf6 5.Nc3 d6 6.Bg5 Qb6 7.Nb3 e6 8.Qd2 a6
9.O-O-O Be7 10.f3 O-O 11.g4 Rd8 12.Be3 Qc7 13.g5 Nd7 14.h4 b5 15.g6 fxg6
16.h5 gxh5 17.Rxh5 Nf6 18.Rg5 Ne5 19.Qg2 Bf8 20.f4 Nf7 21.Rg3 Bb7 22.Nd4 Re8
23.f5 b4 24.Nxe6 Rxe6 25.fxe6 bxc3 26.exf7+ Qxf7 27.b3 Nxe4 28.Bc4 d5 29.Qxe4 dxc4
30.Qxc4 Qxc4 31.bxc4 Ba3+ 32.Kb1 Bf3  1/2-1/2

[Event "Summer-1"]
[Site "Alushta UKR"]
[Date "2006.06.14"]
[Round "18"]
[White "Zinchenko,Ya"]
[Black "Mankeyev,Raua"]
[Result "1/2-1/2"]
[WhiteElo "2499"]
[BlackElo "2381"]

1.e4 c5 2.Nf3 Nc6 3.d4 cxd4 4.Nxd4 Nf6 5.Nc3 d6 6.Bg5 e6 7.Qd2 Be7 8.O-O-O a6
9.f3 h6 10.Be3 Qc7 11.Kb1 Nxd4 12.Bxd4 b5 13.Bd3 Bb7 14.g4 b4 15.Ne2 e5 16.Be3 d5
17.Ng3 dxe4 18.Nxe4 Nd5 19.h4 O-O 20.Qe2 Rfc8 21.Bc1 Nc3+ 22.Nxc3 bxc3 23.b3 Qa5
24.g5 Ba3 25.Be3 Bc5 26.Bc1 Ba3 27.Be3 Bc5 28.Be4 Bxe4 29.fxe4 Bxe3 30.Qxe3 Rc4
31.gxh6 Qa3 32.Qc1 Qxc1+ 33.Kxc1 Rxe4 34.Rde1 Rxe1+ 35.Rxe1 Re8 36.hxg7 Kxg7
37.Re3 f5 38.Rxc3 f4 39.Kd2 Kf6 40.Rh3 Kf5 41.Ke2 e4 42.h5 e3 43.h6 Kg4 44.Rh1 f3+
45.Ke1 f2+ 46.Ke2 Kg3 47.c4 Kg2 48.Rc1 Rh8 49.Kxe3 Rxh6 50.Rc2 Re6+  1/2-1/2

[Event "2nd Goran"]
[Site "Bibinje CRO"]
[Date "2006.06.14"]
[Round "7"]
[White "Groszpeter,A"]
[Black "Martinovic,Sa"]
[Result "1-0"]
[WhiteElo "2518"]
[BlackElo "2350"]

1.e4 c5 2.Nf3 Nc6 3.d4 cxd4 4.Nxd4 Nf6 5.Nc3 d6 6.Bg5 g6 7.Bxf6 exf6 8.Bc4 Bg7
9.Ndb5 O-O 10.O-O f5 11.Nxd6 Nd4 12.Nxc8 Rxc8 13.Bd3 f4 14.Nd5 f3 15.g3 f5
16.c3 fxe4 17.Bxe4 Ne2+ 18.Kh1 g5 19.Ne3 Qf6 20.Ng4 Qe7 21.Qd5+ Kh8 22.Bxf3 Rcd8
23.Qe4 Qxe4 24.Bxe4 Rd2 25.Rab1 b5 26.Rfd1 Rfd8 27.Rxd2 Rxd2 28.Bf3 b4 29.Re1 bxc3
30.bxc3 Bxc3 31.Rxe2  1-0

[Event "2nd Goran"]
[Site "Bibinje CRO"]
[Date "2006.06.15"]
[Round "8"]
[White "Jakic,I"]
[Black "Biliskov,V"]
[Result "0-1"]
[WhiteElo "2352"]
[BlackElo "2324"]

1.e4 c5 2.Nf3 d6 3.d4 cxd4 4.Nxd4 Nf6 5.Nc3 Nc6 6.Bg5 e6 7.Qd2 a6 8.O-O-O Qb6
9.Nb3 Qc7 10.f3 b5 11.g4 Be7 12.Be3 O-O 13.g5 Nd7 14.h4 b4 15.Ne2 Nc5 16.Ned4 Nxb3+
17.Nxb3 a5 18.Kb1 a4 19.Nc1 Ne5 20.f4 Nc4 21.Bxc4 Qxc4 22.Qd4 Qb5 23.h5 e5
24.Qd3 Qxd3 25.Nxd3 Bb7 26.fxe5 Bxe4 27.exd6 Bxd6 28.Rh4 Rfe8 29.Nf2 Bf3
30.Rxd6 Rxe3 31.Nd3 Rae8 32.Kc1 Re2 33.Rxb4 Bxh5 34.Rbd4 Rg2 35.Rd8 f5 36.gxf6 gxf6
37.Nf4 Rg1+ 38.Kd2 Rd1+ 39.Kc3 Rxd8 40.Rxd8+ Rxd8 41.Nxh5 Kf7 42.Nf4 f5 43.b4 axb3
44.cxb3 Kf6 45.b4 Rc8+ 46.Kd4 Ra8 47.Nd5+ Kg5 48.b5 h5 49.Nc7 Rxa2 50.b6 Rb2
51.Kc5 Rxb6 52.Kxb6 h4 53.Ne6+ Kg4 54.Nc5 h3 55.Nd3 h2 56.Kc5 Kg3  0-1

[Event "Open A"]
[Site "Voronezh RUS"]
[Date "2006.06.19"]
[Round "7"]
[White "Demianjuk,A"]
[Black "Andreev,Ed"]
[Result "1/2-1/2"]
[WhiteElo "2356"]
[BlackElo "2470"]

1.e4 c5 2.Nf3 d6 3.d4 cxd4 4.Nxd4 Nf6 5.Nc3 Nc6 6.Bg5 e6 7.Qd2 a6 8.O-O-O Bd7
9.f4 h6 10.Bh4 g5 11.fxg5 Ng4 12.Be2 Nge5 13.Nf3 Be7 14.Rhg1 b5 15.Kb1 Ng6
16.Bg3 hxg5 17.Bxd6 g4 18.Ne1 Nce5 19.Bxe5 Nxe5 20.Qf4 Ng6 21.Qf2 Qc7 22.Rf1 Rh7
23.Bxg4 Qxh2 24.Nd3 Qh4 25.Qd4 Rd8 26.Bf3 b4 27.Ne2 Bb5 28.Qb6 Qg5 29.Nd4 Qe3
30.a4 bxa3 31.c4 a2+ 32.Ka1 Ba4 33.b3 Bf6 34.e5 Nxe5 35.Kxa2 Nxf3 36.Rxf3 Qxd4
37.Qxd4 Bxb3+ 38.Kxb3 Bxd4 39.Rdf1 f5 40.c5 Rc7 41.Re1  1/2-1/2

[Event "Open A"]
[Site "Voronezh RUS"]
[Date "2006.06.19"]
[Round "7"]
[White "Elizarov,A"]
[Black "Tkachuk,A"]
[Result "1-0"]
[WhiteElo "2366"]
[BlackElo "2160"]

1.e4 c5 2.Nf3 Nc6 3.d4 cxd4 4.Nxd4 Nf6 5.Nc3 d6 6.Bg5 e6 7.Qd2 Be7 8.O-O-O Nxd4
9.Qxd4 O-O 10.Bc4 a6 11.Bb3 b5 12.Bxf6 Bxf6 13.Qxd6 Qa5 14.e5 Bg5+ 15.Kb1 Bb7
16.Qd4 b4 17.Ne4 Be7 18.Nd6 Bc6 19.f4 g6 20.Rhg1 Bd8 21.Qc4 Bd5 22.Qe2 Bxb3
23.axb3 Be7 24.g4 Bxd6 25.exd6 Rfd8 26.Rg3 Rd7 27.Rgd3 Qc5 28.Rd4 a5 29.Qe4 Rad8
30.Qe5 Qxe5 31.fxe5 f6 32.exf6 g5 33.c4 bxc3 34.bxc3 Kf7 35.c4 Rc8 36.Re4 Rc5
37.Kb2 e5 38.h4 h6 39.hxg5 hxg5 40.Kc3 Kxf6 41.b4 Rc8 42.c5 Rb7 43.d7 axb4+
44.Rxb4  1-0

[Event "Open A"]
[Site "Voronezh RUS"]
[Date "2006.06.19"]
[Round "7"]
[White "Semenova,Ir"]
[Black "Chernov,Vl2"]
[Result "1-0"]
[WhiteElo "2240"]
[BlackElo "2070"]

1.e4 c5 2.Nf3 Nc6 3.d4 cxd4 4.Nxd4 Nf6 5.Nc3 d6 6.Bg5 e6 7.Qd2 a6 8.f3 h6
9.Be3 Nxd4 10.Bxd4 b5 11.a3 Be7 12.Rd1 e5 13.Be3 Be6 14.Be2 O-O 15.O-O Qc7
16.Kh1 Rfd8 17.Nd5 Nxd5 18.exd5 Bf5 19.Rc1 Qb7 20.c4 Rac8 21.Qb4 Rb8 22.cxb5 Bg5
23.Bxg5 hxg5 24.Qd2 f6 25.a4 Bd7 26.b4 axb5 27.a5 Rdc8 28.h3 Kf7 29.Rfd1 Rxc1
30.Rxc1 Rc8 31.Rxc8 Qxc8 32.Kg1 Ke7 33.Kf2 Qb7 34.Bd1 Be8 35.Bb3 Bf7 36.Qd3 g6
37.Qd2 Be8 38.Kg3 Bf7 39.Ba2 Kf8 40.Kf2 Ke7 41.Bb3 Kd8 42.Qa2 Qa6 43.Kf1 Kd7
44.Qc2  1-0

[Event "Open A"]
[Site "Balatonlelle HUN"]
[Date "2006.06.20"]
[Round "4"]
[White "Seres,L"]
[Black "Gonda,L"]
[Result "1/2-1/2"]
[WhiteElo "2400"]
[BlackElo "2465"]

1.e4 c5 2.Nf3 d6 3.d4 cxd4 4.Nxd4 Nf6 5.Nc3 Nc6 6.Bg5 e6 7.Qd2 a6 8.O-O-O Be7
9.f4 Nxd4 10.Qxd4 b5 11.Be2 Bb7 12.Bf3 Rc8 13.Bxf6 gxf6 14.f5 Qa5 15.fxe6 fxe6
16.Kb1 Rc4 17.Qd3 O-O 18.Ne2 Kh8 19.Nd4 Bc8 20.h3 e5 21.Nf5 Bxf5 22.exf5 Rfc8  1/2-1/2